[Event "Montcada"]
[Site "Montcada"]
[Date "2018.07.02"]
[Round "9.1"]
[White "Akash Pc, Iyer"]
[Black "Shyam, Sundar M."]
[Result "0-1"]
[BlackElo "2527"]
[WhiteElo "2435"]
[LiveChessVersion "1.4.8"]

1. d4 {[%clk 1:30:57]} Nf6 {[%clk 1:29:20]} 2. c4 {[%clk 1:31:20]} c5
{[%clk 1:29:34]} 3. e3 {[%clk 1:27:52]} cxd4 {[%clk 1:26:35]} 4. exd4
{[%clk 1:28:15]} d5 {[%clk 1:27:03]} 5. Nc3 {[%clk 1:27:44]} Nc6 {[%clk 1:27:29]}
6. cxd5 {[%clk 1:21:25]} Nxd5 {[%clk 1:27:54]} 7. Nf3 {[%clk 1:21:34]} Bg4
{[%clk 1:21:38]} 8. Qb3 {[%clk 1:06:58]} Bxf3 {[%clk 1:22:02]} 9. gxf3
{[%clk 1:07:06]} e6 {[%clk 1:22:21]} 10. Qxb7 {[%clk 0:58:24]} Nxd4
{[%clk 1:22:38]} 11. Bb5+ {[%clk 0:52:16]} Nxb5 {[%clk 1:23:02]} 12. Qxb5+
{[%clk 0:52:40]} Qd7 {[%clk 1:23:22]} 13. Qxd7+ {[%clk 0:52:22]} Kxd7
{[%clk 1:23:51]} 14. Nxd5 {[%clk 0:52:43]} exd5 {[%clk 1:24:18]} 15. Be3
{[%clk 0:52:30]} Bb4+ {[%clk 1:20:58]} 16. Ke2 {[%clk 0:51:35]} Rhc8
{[%clk 1:20:50]} 17. Rac1 {[%clk 0:50:46]} Bd6 {[%clk 0:56:05]} 18. h3
{[%clk 0:49:39]} a6 {[%clk 0:51:10]} 19. Rxc8 {[%clk 0:44:12]} Rxc8
{[%clk 0:51:36]} 20. Rc1 {[%clk 0:44:37]} Rc4 {[%clk 0:47:17]} 21. Rd1
{[%clk 0:31:00]} Ke6 {[%clk 0:46:52]} 22. Rc1 {[%clk 0:31:04]} Kd7
{[%clk 0:28:41]} 23. Rd1 {[%clk 0:31:22]} Kc6 {[%clk 0:29:08]} 24. Bd4
{[%clk 0:25:21]} f6 {[%clk 0:19:56]} 25. b3 {[%clk 0:23:40]} Rc2+
{[%clk 0:20:25]} 26. Rd2 {[%clk 0:24:02]} Rc1 {[%clk 0:20:53]} 27. Bb2
{[%clk 0:18:41]} Rh1 {[%clk 0:17:43]} 28. Rc2+ {[%clk 0:19:01]} Kd7
{[%clk 0:18:07]} 29. Rd2 {[%clk 0:19:28]} Ke6 {[%clk 0:13:17]} 30. Rc2
{[%clk 0:19:20]} a5 {[%clk 0:08:44]} 31. Bc3 {[%clk 0:15:49]} Rxh3
{[%clk 0:06:08]} 32. Bxa5 {[%clk 0:16:16]} Rh1 {[%clk 0:06:37]} 33. Rc6
{[%clk 0:08:13]} Kd7 {[%clk 0:07:06]} 34. Ra6 {[%clk 0:08:31]} h5
{[%clk 0:06:57]} 35. Ra7+ {[%clk 0:08:54]} Kc8 {[%clk 0:07:12]} 36. Ra8+
{[%clk 0:04:53]} Bb8 {[%clk 0:06:15]} 37. Bd2 {[%clk 0:05:00]} g5
{[%clk 0:04:05]} 38. Bb4 {[%clk 0:03:48]} Kb7 {[%clk 0:04:21]} 39. Ra5
{[%clk 0:04:17]} h4 {[%clk 0:03:55]} 40. Rb5+ {[%clk 0:04:37]} Kc8
{[%clk 0:03:56]} 41. Rc5+ {[%clk 0:05:00]} Kb7 {[%clk 0:04:25]} 42. Rb5+
{[%clk 0:05:14]} Kc8 {[%clk 0:04:55]} 43. Rc5+ {[%clk 0:05:25]} Kb7
{[%clk 0:02:16]} 44. Rb5+ {[%clk 0:05:49]} Ka7 {[%clk 0:02:31]} 45. Rxd5
{[%clk 0:02:24]} h3 {[%clk 0:03:00]} 46. Bd6 {[%clk 0:02:05]} Bxd6
{[%clk 0:02:43]} 47. Rxd6 {[%clk 0:02:34]} h2 {[%clk 0:03:12]} 48. Rd7+
{[%clk 0:03:01]} Kb6 {[%clk 0:03:38]} 49. Rh7 {[%clk 0:03:22]} f5
{[%clk 0:04:07]} 50. Rh6+ {[%clk 0:03:02]} Kc7 {[%clk 0:03:08]} 51. Rh7+
{[%clk 0:03:24]} Kb6 {[%clk 0:02:11]} 52. Rh6+ {[%clk 0:03:48]} Ka5
{[%clk 0:02:40]} 53. Rh5 {[%clk 0:02:37]} Kb6 {[%clk 0:02:05]} 54. Rh6+
{[%clk 0:03:06]} Kc5 {[%clk 0:02:33]} 55. Rh5 {[%clk 0:03:23]} Kd4
{[%clk 0:02:17]} 56. a4 {[%clk 0:02:14]} g4 {[%clk 0:02:42]} 57. fxg4
{[%clk 0:02:23]} fxg4 {[%clk 0:03:10]} 58. Kd2 {[%clk 0:02:21]} g3
{[%clk 0:02:31]} 59. Rh4+ {[%clk 0:02:26]} Kd5 {[%clk 0:01:32]} 60. Rh5+
{[%clk 0:02:49]} Kd6 {[%clk 0:01:07]} 61. Rh6+ {[%clk 0:03:03]} Kc5
{[%clk 0:00:54]} 62. Rh5+ {[%clk 0:02:44]} Kb4 {[%clk 0:01:05]} 63. Rh4+
{[%clk 0:01:24]} Kxb3 {[%clk 0:00:59]} 64. Rh3 {[%clk 0:01:18]} Rg1
{[%clk 0:00:47]} 0-1

[Event "Montcada"]
[Site "Montcada"]
[Date "2018.07.02"]
[Round "9.2"]
[White "Cori Quispe, Kevin Joel"]
[Black "Himanshu, Sharma"]
[Result "1-0"]
[BlackElo "2420"]
[WhiteElo "2468"]
[LiveChessVersion "1.4.8"]

1. e4 {[%clk 1:24:46]} c5 {[%clk 1:30:40]} 2. Nf3 {[%clk 1:24:50]} Nc6
{[%clk 1:30:41]} 3. d4 {[%clk 1:25:15]} cxd4 {[%clk 1:31:03]} 4. Nxd4
{[%clk 1:25:40]} Nf6 {[%clk 1:31:07]} 5. Nc3 {[%clk 1:26:05]} d6 {[%clk 1:31:30]}
6. Bg5 {[%clk 1:26:30]} e6 {[%clk 1:29:42]} 7. Qd2 {[%clk 1:26:50]} Bd7
{[%clk 1:29:10]} 8. Ndb5 {[%clk 1:24:46]} Qa5 {[%clk 1:20:21]} 9. Bxf6
{[%clk 1:20:26]} gxf6 {[%clk 1:20:35]} 10. Nxd6+ {[%clk 1:20:43]} Bxd6
{[%clk 1:17:36]} 11. Qxd6 {[%clk 1:21:07]} Rg8 {[%clk 1:12:59]} 12. O-O-O
{[%clk 1:16:07]} O-O-O {[%clk 1:12:34]} 13. Qf4 {[%clk 1:16:15]} Qe5
{[%clk 1:08:27]} 14. Qe3 {[%clk 1:15:43]} Kb8 {[%clk 1:07:51]} 15. f4
{[%clk 1:15:03]} Qa5 {[%clk 1:07:46]} 16. g3 {[%clk 1:15:07]} a6 {[%clk 1:02:45]}
17. Be2 {[%clk 1:14:04]} Bc8 {[%clk 1:01:11]} 18. a3 {[%clk 1:14:01]} Ne7
{[%clk 0:54:35]} 19. Rxd8 {[%clk 1:08:50]} Rxd8 {[%clk 0:54:59]} 20. Rd1
{[%clk 1:09:13]} Rxd1+ {[%clk 0:54:28]} 21. Bxd1 {[%clk 1:09:35]} Nc6
{[%clk 0:53:40]} 22. Be2 {[%clk 1:07:12]} Bd7 {[%clk 0:53:21]} 23. Nd1
{[%clk 1:06:30]} Kc8 {[%clk 0:51:36]} 24. b4 {[%clk 1:04:51]} Qd8
{[%clk 0:51:26]} 25. Qc5 {[%clk 1:04:46]} Qe7 {[%clk 0:47:43]} 26. Qxe7
{[%clk 1:03:42]} Nxe7 {[%clk 0:48:07]} 27. Bh5 {[%clk 1:03:43]} Be8
{[%clk 0:43:04]} 28. Ne3 {[%clk 1:04:07]} Kd8 {[%clk 0:43:06]} 29. Kd2
{[%clk 1:04:10]} Nc8 {[%clk 0:42:18]} 30. Kd3 {[%clk 1:04:02]} Nd6
{[%clk 0:41:49]} 31. c4 {[%clk 1:02:38]} Ke7 {[%clk 0:40:35]} 32. e5
{[%clk 1:01:24]} fxe5 {[%clk 0:39:25]} 33. fxe5 {[%clk 1:01:49]} Nc8
{[%clk 0:37:57]} 34. Bf3 {[%clk 1:02:06]} Bc6 {[%clk 0:38:15]} 35. Bxc6
{[%clk 1:02:12]} bxc6 {[%clk 0:38:41]} 36. Kd4 {[%clk 1:02:20]} Kd8
{[%clk 0:36:02]} 37. Ng4 {[%clk 1:01:50]} Ne7 {[%clk 0:35:25]} 38. Nh6
{[%clk 1:02:08]} Ke8 {[%clk 0:32:34]} 39. Kc5 {[%clk 1:02:31]} Ng6
{[%clk 0:32:56]} 40. Kd6 {[%clk 1:02:46]} Kf8 {[%clk 0:32:16]} 41. Ng4
{[%clk 1:02:27]} Kg7 {[%clk 0:32:14]} 42. Nf6 {[%clk 1:02:30]} h6
{[%clk 0:31:12]} 43. Nd7 1-0

[Event "Montcada"]
[Site "Montcada"]
[Date "2018.07.02"]
[Round "9.3"]
[White "Peralta, Fernando"]
[Black "Asis Gargatagli, Hipolito"]
[Result "1/2-1/2"]
[BlackElo "2537"]
[WhiteElo "2567"]
[LiveChessVersion "1.4.8"]

1. d4 {[%clk 1:30:57]} Nf6 {[%clk 1:30:40]} 2. c4 {[%clk 1:31:23]} e6
{[%clk 1:31:07]} 3. Nc3 {[%clk 1:31:48]} Bb4 {[%clk 1:31:33]} 4. e3
{[%clk 1:32:14]} b6 {[%clk 1:31:23]} 5. Bd3 {[%clk 1:28:58]} Bb7 {[%clk 1:31:43]}
6. Nf3 {[%clk 1:29:23]} O-O {[%clk 1:32:06]} 7. O-O {[%clk 1:29:38]} c5
{[%clk 1:32:29]} 8. Bd2 {[%clk 1:29:04]} d6 {[%clk 1:30:02]} 9. Qe2
{[%clk 1:24:47]} Nbd7 {[%clk 1:28:59]} 10. Rfd1 {[%clk 1:24:59]} Qe7
{[%clk 1:24:16]} 11. a3 {[%clk 1:20:53]} Bxc3 {[%clk 1:24:40]} 12. Bxc3
{[%clk 1:21:18]} Ne4 {[%clk 1:24:44]} 13. Bxe4 {[%clk 1:12:51]} Bxe4
{[%clk 1:24:43]} 14. dxc5 {[%clk 1:13:15]} dxc5 {[%clk 1:16:12]} 15. Rd2
{[%clk 1:10:35]} Rfd8 {[%clk 1:12:25]} 16. Rad1 {[%clk 1:09:28]} f6
{[%clk 1:10:38]} 17. h3 {[%clk 1:01:49]} Nf8 {[%clk 1:10:31]} 18. Nh2
{[%clk 0:59:02]} Rac8 {[%clk 0:59:06]} 19. Nf1 {[%clk 0:52:39]} Rxd2
{[%clk 0:57:17]} 20. Rxd2 {[%clk 0:52:57]} Rd8 {[%clk 0:57:40]} 21. f3
{[%clk 0:53:18]} 1/2-1/2

[Event "Montcada"]
[Site "Montcada"]
[Date "2018.07.02"]
[Round "9.4"]
[White "Martinez Alcantara, Jose Eduardo"]
[Black "Iniyan, P"]
[Result "1-0"]
[BlackElo "2460"]
[WhiteElo "2539"]
[LiveChessVersion "1.4.8"]

1. Nf3 {[%clk 1:26:40]} Nf6 {[%clk 1:30:39]} 2. c4 g6 {[%clk 1:30:55]} 3. d4
{[%clk 1:27:04]} Bg7 {[%clk 1:31:19]} 4. g3 {[%clk 1:27:29]} O-O {[%clk 1:31:40]}
5. Bg2 {[%clk 1:27:56]} d6 {[%clk 1:32:01]} 6. O-O {[%clk 1:28:22]} Nbd7
{[%clk 1:31:34]} 7. Nc3 {[%clk 1:28:47]} e5 {[%clk 1:31:57]} 8. e4
{[%clk 1:29:10]} exd4 {[%clk 1:32:23]} 9. Nxd4 {[%clk 1:29:36]} Re8
{[%clk 1:32:43]} 10. h3 {[%clk 1:27:04]} Nc5 {[%clk 1:30:30]} 11. Re1
{[%clk 8:17:25]} Bd7 {[%clk 1:30:54]} 12. b3 {[%clk 1:22:21]} a5 {[%clk 1:29:09]}
13. Bf4 {[%clk 1:17:38]} h6 {[%clk 1:22:43]} 14. Rb1 {[%clk 1:12:11]} Nh7
{[%clk 1:18:51]} 15. Qd2 {[%clk 1:01:37]} Ng5 {[%clk 1:17:08]} 16. h4
{[%clk 0:57:47]} Bxd4 {[%clk 1:15:26]} 17. hxg5 {[%clk 0:57:30]} Bxc3
{[%clk 1:10:21]} 18. Qxc3 {[%clk 0:57:45]} hxg5 {[%clk 1:10:45]} 19. Bc1
{[%clk 0:57:37]} Bc6 {[%clk 1:04:32]} 20. Bb2 {[%clk 0:58:02]} f6
{[%clk 1:04:50]} 21. Qd4 {[%clk 0:57:01]} Re6 {[%clk 0:32:06]} 22. Bh3
{[%clk 0:48:09]} Rxe4 {[%clk 0:29:09]} 23. Rxe4 {[%clk 0:48:27]} Bxe4
{[%clk 0:29:26]} 24. Re1 {[%clk 0:48:48]} Bc6 {[%clk 0:29:50]} 25. a3
{[%clk 0:36:06]} Nxb3 {[%clk 0:25:33]} 26. Qd3 {[%clk 0:35:26]} Kg7
{[%clk 0:20:14]} 27. Qxb3 {[%clk 0:35:40]} Qh8 {[%clk 0:20:40]} 28. Bxf6+
{[%clk 0:35:37]} 1-0

[Event "Montcada"]
[Site "Montcada"]
[Date "2018.07.02"]
[Round "9.5"]
[White "Kevlishvili, Robby"]
[Black "Raghunandan, Kaumandur Srihari"]
[Result "1/2-1/2"]
[BlackElo "2409"]
[WhiteElo "2502"]
[LiveChessVersion "1.4.8"]

1. e4 {[%clk 1:30:57]} c5 {[%clk 1:30:52]} 2. Nf3 {[%clk 1:31:24]} d6
{[%clk 1:31:15]} 3. d4 {[%clk 1:31:51]} cxd4 {[%clk 1:31:38]} 4. Nxd4
{[%clk 8:12:19]} Nf6 {[%clk 1:31:59]} 5. Nc3 {[%clk 1:32:46]} a6 {[%clk 1:32:23]}
6. Be2 {[%clk 1:33:13]} g6 {[%clk 1:28:39]} 7. f4 {[%clk 1:28:28]} Bg7
{[%clk 1:28:56]} 8. Be3 {[%clk 1:27:18]} O-O {[%clk 1:28:59]} 9. O-O
{[%clk 1:27:08]} Nc6 {[%clk 1:24:23]} 10. Bf3 {[%clk 1:25:52]} Bd7
{[%clk 1:24:22]} 11. Nb3 {[%clk 1:21:35]} Rc8 {[%clk 1:21:27]} 12. a4
{[%clk 1:12:24]} Be6 {[%clk 1:05:12]} 13. Nd5 {[%clk 1:11:20]} Bxd5
{[%clk 1:05:36]} 14. exd5 {[%clk 1:11:46]} Na5 {[%clk 1:06:00]} 15. Nxa5
{[%clk 1:12:08]} Qxa5 {[%clk 1:06:25]} 16. c3 {[%clk 1:12:35]} Rc4
{[%clk 0:54:30]} 17. Re1 {[%clk 1:00:07]} Nd7 {[%clk 0:35:19]} 18. Qb3
{[%clk 0:53:07]} Rc7 {[%clk 0:25:58]} 19. Bf2 {[%clk 0:46:14]} Re8
{[%clk 0:21:32]} 20. Qa2 {[%clk 0:44:54]} Rcc8 {[%clk 0:21:22]} 21. Bg4
{[%clk 0:45:03]} Qc7 {[%clk 0:19:41]} 22. a5 {[%clk 0:44:43]} f5 {[%clk 0:16:23]}
23. Bf3 {[%clk 0:44:57]} Qc4 {[%clk 0:16:33]} 24. Qxc4 {[%clk 0:44:11]} Rxc4
{[%clk 0:16:57]} 25. g3 {[%clk 0:44:26]} Nc5 {[%clk 0:16:33]} 26. Be2
{[%clk 0:41:03]} Re4 {[%clk 0:16:51]} 27. Bf1 {[%clk 0:39:50]} Rc8
{[%clk 0:08:25]} 28. Rxe4 {[%clk 0:36:20]} Nxe4 {[%clk 0:08:42]} 29. Be3
{[%clk 0:36:39]} Nc5 {[%clk 0:04:29]} 30. Ra3 {[%clk 0:35:17]} Kf7
{[%clk 0:04:41]} 31. b4 {[%clk 0:32:09]} Ne4 {[%clk 0:04:47]} 32. c4
{[%clk 0:32:35]} e6 {[%clk 0:04:13]} 33. dxe6+ {[%clk 0:32:11]} Kxe6
{[%clk 0:04:37]} 34. b5 {[%clk 0:31:26]} Bc3 {[%clk 0:01:55]} 35. Ra4
{[%clk 0:24:26]} Nc5 {[%clk 0:02:30]} 36. Ra2 {[%clk 0:24:51]} Ne4
{[%clk 0:02:26]} 37. Kg2 {[%clk 0:17:55]} Bb4 {[%clk 0:02:29]} 38. Bd3
{[%clk 0:17:02]} Bc5 {[%clk 0:01:59]} 39. Kf3 {[%clk 0:17:27]} Bxe3
{[%clk 0:02:08]} 40. Kxe3 {[%clk 0:17:52]} Nc5 {[%clk 0:02:12]} 41. Be2
{[%clk 0:15:57]} Kd7 {[%clk 0:02:15]} 42. Bf3 {[%clk 0:11:00]} 1/2-1/2

[Event "Montcada"]
[Site "Montcada"]
[Date "2018.07.02"]
[Round "9.6"]
[White "Perez Mitjans, Orelvis"]
[Black "Harsha, Bharathakoti"]
[Result "0-1"]
[BlackElo "2471"]
[WhiteElo "2399"]
[LiveChessVersion "1.4.8"]

1. e4 {[%clk 0:52:53]} e6 {[%clk 1:29:58]} 2. d4 {[%clk 0:52:23]} d5
{[%clk 1:30:15]} 3. Nd2 {[%clk 0:52:45]} c5 {[%clk 1:30:29]} 4. Ngf3
{[%clk 0:53:07]} cxd4 {[%clk 1:30:06]} 5. exd5 {[%clk 0:53:32]} Qxd5
{[%clk 1:30:27]} 6. Bc4 {[%clk 0:53:57]} Qd8 {[%clk 1:28:49]} 7. O-O
{[%clk 0:54:17]} Nc6 {[%clk 1:28:13]} 8. Nb3 {[%clk 0:54:32]} a6 {[%clk 1:28:40]}
9. Nbxd4 {[%clk 0:54:14]} Nxd4 {[%clk 1:28:33]} 10. Nxd4 {[%clk 0:54:34]} Qc7
{[%clk 1:27:53]} 11. Qe2 {[%clk 0:54:10]} Bd6 {[%clk 1:20:13]} 12. h3
{[%clk 0:41:25]} Ne7 {[%clk 1:20:08]} 13. a4 {[%clk 0:40:44]} O-O
{[%clk 1:16:02]} 14. Bd3 {[%clk 0:34:22]} Ng6 {[%clk 1:11:22]} 15. Nf3
{[%clk 0:27:55]} Nf4 {[%clk 0:55:49]} 16. Bxf4 {[%clk 0:28:05]} Bxf4
{[%clk 0:56:15]} 17. Ra3 {[%clk 0:27:34]} g6 {[%clk 0:53:35]} 18. Rc3
{[%clk 0:23:33]} Qb8 {[%clk 0:50:30]} 19. Rb3 {[%clk 0:21:23]} Qc7
{[%clk 0:38:42]} 20. Rb4 {[%clk 0:20:15]} Rd8 {[%clk 0:30:01]} 21. Re1
{[%clk 0:17:58]} Bd6 {[%clk 0:28:44]} 22. Rc4 {[%clk 0:17:28]} Qe7
{[%clk 0:22:52]} 23. Qe3 {[%clk 0:17:07]} Bd7 {[%clk 0:22:41]} 24. Rh4
{[%clk 0:17:13]} Qf6 {[%clk 0:19:44]} 25. Qb6 Bc6 {[%clk 0:19:11]} 26. Be4
{[%clk 0:13:03]} Rac8 {[%clk 0:18:49]} 27. c3 {[%clk 0:12:33]} Rd7
{[%clk 0:16:03]} 28. Bxc6 {[%clk 0:11:41]} Rxc6 {[%clk 0:16:27]} 29. Qe3
{[%clk 0:12:06]} Bc5 {[%clk 0:12:57]} 30. Qe2 {[%clk 0:11:42]} Rcd6
{[%clk 0:12:25]} 31. g3 {[%clk 0:10:12]} Qd8 {[%clk 0:07:07]} 32. Rf4
{[%clk 0:08:14]} Ba7 {[%clk 0:06:56]} 33. h4 {[%clk 0:08:09]} Rd5
{[%clk 0:05:36]} 34. Kg2 {[%clk 0:06:17]} Bb8 {[%clk 0:04:26]} 35. Rc4
{[%clk 0:06:25]} Kg7 {[%clk 0:04:16]} 36. Ng5 {[%clk 0:04:29]} Rd2
{[%clk 0:03:24]} 37. Qf3 {[%clk 0:04:58]} h6 {[%clk 0:02:42]} 38. Ne4
{[%clk 0:05:00]} Rxb2 {[%clk 0:03:08]} 39. h5 {[%clk 0:05:03]} g5
{[%clk 0:03:18]} 40. Rb4 {[%clk 0:02:36]} Rxb4 {[%clk 0:03:10]} 41. cxb4
{[%clk 0:03:03]} Ba7 {[%clk 0:03:30]} 42. Qc3+ {[%clk 0:02:33]} Bd4
{[%clk 0:03:56]} 43. Qc2 {[%clk 0:02:53]} Rc7 {[%clk 0:02:49]} 44. Qd3
{[%clk 0:02:48]} Qd5 {[%clk 0:02:56]} 45. Rd1 {[%clk 0:03:05]} Rc4
{[%clk 0:03:02]} 46. Kh3 {[%clk 0:01:09]} Rxb4 {[%clk 0:02:55]} 47. f3
{[%clk 0:01:37]} f5 {[%clk 0:02:42]} 48. Nc3 {[%clk 0:01:53]} g4+
{[%clk 0:02:19]} 49. Kh2 {[%clk 0:01:18]} Qxf3 {[%clk 0:02:41]} 0-1

[Event "Montcada"]
[Site "Montcada"]
[Date "2018.07.02"]
[Round "9.7"]
[White "Garcia Ramos, Daniel"]
[Black "Oliva Castaneda, Kevel"]
[Result "0-1"]
[BlackElo "2516"]
[WhiteElo "2354"]
[LiveChessVersion "1.4.8"]

1. e4 {[%clk 1:30:58]} c5 {[%clk 1:30:51]} 2. Nf3 {[%clk 1:31:18]} e6
{[%clk 1:31:15]} 3. d4 {[%clk 1:31:43]} cxd4 {[%clk 1:31:40]} 4. Nxd4
{[%clk 1:32:05]} Nc6 {[%clk 1:32:05]} 5. Nc3 {[%clk 1:32:27]} Qc7
{[%clk 1:32:30]} 6. Be3 {[%clk 1:32:19]} a6 {[%clk 1:32:52]} 7. a3
{[%clk 1:32:44]} b5 {[%clk 1:32:25]} 8. f4 {[%clk 1:31:14]} Bb7 {[%clk 1:32:47]}
9. Qf3 {[%clk 1:24:56]} Nf6 {[%clk 1:31:47]} 10. Bd3 {[%clk 1:21:11]} Rc8
{[%clk 1:29:23]} 11. O-O {[%clk 1:13:50]} h5 {[%clk 1:25:52]} 12. h3
{[%clk 1:06:28]} h4 {[%clk 1:16:36]} 13. Qf2 {[%clk 0:50:57]} Be7
{[%clk 1:14:51]} 14. Nf3 {[%clk 0:43:17]} b4 {[%clk 1:07:29]} 15. Na4
{[%clk 0:33:13]} d5 {[%clk 1:00:50]} 16. Ng5 {[%clk 0:30:25]} dxe4
{[%clk 0:50:55]} 17. Nxe4 {[%clk 0:29:39]} bxa3 {[%clk 0:46:53]} 18. bxa3
{[%clk 0:27:22]} Nxe4 {[%clk 0:41:52]} 19. Bxe4 {[%clk 0:27:46]} Na5
{[%clk 0:42:09]} 20. Bxb7 {[%clk 0:23:34]} Nxb7 {[%clk 0:42:15]} 21. Rab1
{[%clk 0:16:19]} Nd6 {[%clk 0:41:50]} 22. Nb6 {[%clk 0:11:42]} Rd8
{[%clk 0:41:06]} 23. Qe2 {[%clk 0:06:07]} Nf5 {[%clk 0:40:01]} 24. Bf2
{[%clk 0:05:01]} Qxf4 {[%clk 0:35:05]} 25. Qxa6 {[%clk 0:05:24]} O-O
{[%clk 0:35:19]} 26. Qc4 {[%clk 0:05:24]} Qxc4 {[%clk 0:34:17]} 27. Nxc4
{[%clk 0:05:53]} Rc8 {[%clk 0:34:36]} 28. Nb6 {[%clk 0:05:05]} Rxc2
{[%clk 0:34:54]} 29. a4 {[%clk 0:05:22]} Rd8 {[%clk 0:33:40]} 30. a5
{[%clk 0:03:07]} Rdd2 {[%clk 0:31:16]} 31. a6 {[%clk 0:03:19]} Ra2
{[%clk 0:31:24]} 32. a7 {[%clk 0:03:39]} Rxa7 {[%clk 0:31:39]} 33. Nc4
{[%clk 0:03:54]} Rxf2 {[%clk 0:32:02]} 34. Kxf2 {[%clk 0:04:10]} Ra4
{[%clk 0:29:53]} 35. Rfc1 {[%clk 0:04:04]} Bc5+ {[%clk 0:29:18]} 36. Kf3
{[%clk 0:03:43]} Bd4 {[%clk 0:28:26]} 37. Nd2 {[%clk 0:02:48]} Ra2
{[%clk 0:27:36]} 38. Ke2 {[%clk 0:01:45]} Kh7 {[%clk 0:23:15]} 39. Rc7
{[%clk 0:01:23]} Kg6 {[%clk 0:23:17]} 40. Kd3 {[%clk 0:01:42]} Be3
{[%clk 0:23:14]} 41. Nf3 {[%clk 0:01:04]} Bf4 {[%clk 0:23:10]} 42. Rc2
{[%clk 0:01:11]} Ra5 {[%clk 0:23:01]} 43. Rb4 {[%clk 0:01:14]} Rd5+
{[%clk 0:22:32]} 44. Kc3 {[%clk 0:01:02]} e5 {[%clk 0:22:15]} 45. Kb2
{[%clk 0:00:43]} f6 {[%clk 0:21:58]} 46. Nxh4+ {[%clk 0:00:32]} Nxh4
{[%clk 0:22:16]} 47. g3 {[%clk 0:00:58]} Bxg3 {[%clk 0:19:23]} 48. Rg4+
{[%clk 0:01:27]} Kh5 {[%clk 0:17:51]} 49. Rxg3 {[%clk 0:01:35]} Nf5
{[%clk 0:18:15]} 50. Rg1 {[%clk 0:01:41]} g5 {[%clk 0:18:16]} 51. Rc6
{[%clk 0:00:36]} Kg6 {[%clk 0:18:31]} 52. Re1 {[%clk 0:00:42]} Nd4
{[%clk 0:17:14]} 53. Rb6 {[%clk 0:00:42]} Rc5 {[%clk 0:15:25]} 54. Rf1
{[%clk 0:00:42]} Nf5 {[%clk 0:15:29]} 55. Rc1 {[%clk 0:00:32]} Rxc1 56. Kxc1
{[%clk 0:01:01]} Ng3 {[%clk 0:14:55]} 57. Kd2 {[%clk 0:00:53]} Nh5
{[%clk 0:15:09]} 58. Ke1 {[%clk 0:00:44]} Nf4 {[%clk 0:15:32]} 59. Rb3
{[%clk 0:01:10]} Kf5 {[%clk 0:14:31]} 60. Kf2 {[%clk 0:01:32]} Nd5
{[%clk 0:14:02]} 61. Rb5 {[%clk 0:01:13]} Ke6 {[%clk 0:14:24]} 62. Ra5
{[%clk 0:01:35]} e4 {[%clk 0:14:43]} 63. Ra8 {[%clk 0:01:51]} Ke5
{[%clk 0:14:56]} 64. Kg3 {[%clk 0:02:05]} f5 {[%clk 0:12:49]} 65. Re8+
{[%clk 0:00:37]} Kf6 {[%clk 0:12:31]} 66. Rf8+ {[%clk 0:00:56]} Ke6
{[%clk 0:12:19]} 67. h4 {[%clk 0:00:44]} gxh4+ {[%clk 0:10:21]} 68. Kxh4
{[%clk 0:01:13]} f4 {[%clk 0:10:40]} 69. Kg4 {[%clk 0:01:28]} Ke5
{[%clk 0:11:00]} 70. Re8+ {[%clk 0:01:11]} Kd4 {[%clk 0:11:23]} 71. Ra8
{[%clk 0:01:34]} f3 {[%clk 0:10:28]} 72. Kg3 {[%clk 0:01:24]} Nc3
{[%clk 0:10:30]} 73. Kf2 {[%clk 0:01:03]} Nd1+ {[%clk 0:10:55]} 74. Ke1
{[%clk 0:01:27]} Nb2 {[%clk 0:11:17]} 75. Rd8+ {[%clk 0:00:43]} Ke3
{[%clk 0:11:40]} 76. Rb8 {[%clk 0:00:31]} Nd3+ {[%clk 0:10:54]} 77. Kf1
{[%clk 0:00:38]} Kd2 {[%clk 0:11:17]} 78. Ra8 {[%clk 0:00:34]} e3
{[%clk 0:11:36]} 79. Ra2+ {[%clk 0:00:56]} Kd1 {[%clk 0:12:01]} 0-1

[Event "Montcada"]
[Site "Montcada"]
[Date "2018.07.02"]
[Round "9.8"]
[White "Cuartas, Jaime Alexander"]
[Black "Deshpande, Aniruddha"]
[Result "*"]
[BlackElo "2159"]
[WhiteElo "2508"]
[LiveChessVersion "1.4.8"]

1. e4 c6 2. d3 d5 3. Nd2 e5 4. Ngf3 Nd7 5. d4 exd4 6. exd5 cxd5 7. Nxd4 Ngf6 8.
Be2 Nc5 9. N2b3 Nce4 10. Bb5+ Bd7 11. Qe2 Be7 12. Nf5 O-O 13. Nxe7+ Qxe7 14. O-O
Bxb5 15. Qxb5 Rac8 16. Qe2 Rfe8 17. f3 Nd6 18. Qf2 h6 19. Nd4 Qd7 20. Rd1 Nb5 21.
Be3 Nxd4 22. Bxd4 Re6 23. Bxf6 Rxf6 24. Rd2 b6 25. c3 Re6 26. Rad1 Rc5 27. h3 Re5
28. Re1 Re6 29. Qg3 Rg6 30. Qf4 Re6 31. Red1 Qb7 32. a3 a5 33. Qf5 g6 34. Qf4 Kg7
35. Rd4 Re2 36. R1d2 Re1+ 37. Kh2 Qc6 38. Rd1 Re2 39. R4d2 Re6 40. Qg3 Re3 41.
Qf4 Re6 42. Qd4+ Kh7 43. Qf2 Qc7+ 44. Qg3 Qc6 45. Rd4 Re2 46. R1d2 Rxd2 47. Rxd2
Qe6 48. Qf2 Rc4 49. Kg1 h5 50. Rd3 b5 51. Qd2 b4 52. axb4 axb4 53. Rxd5 bxc3 54.
bxc3 Qb6+ 55. Kf1 Qb1+ 56. Kf2 Qb6+ 57. Rd4 Qc5 58. Qa2 Rxd4 59. Qxf7+ Kh6 60.
cxd4 Qxd4+ 61. Ke2 Qb2+ 62. Kf1 Qa1+ 63. Kf2 Qd4+ 64. Kg3 h4+ 65. Kh2 Qe5+ 66. f4
Qe3 67. Qf8+ Kh7 68. Qb4 Kh6 69. Kh1 Qc1+ 70. Kh2 Qe3 71. Qc4 Kh7 72. Qc7+ Kh6
73. Qe5 Qxe5 74. fxe5 Kg5 75. g4 hxg3+ 76. Kxg3 Kf5 77. Kh4 g5+ 78. Kh5 Kxe5 79.
Kxg5 *